Core Java - Vol. I - Fundamentals (Record no. 35556)

MARC details
000 -LEADER
fixed length control field 00512nam a22001817a 4500
005 - DATE AND TIME OF LATEST TRANSACTION
control field 20240419150638.0
008 - FIXED-LENGTH DATA ELEMENTS--GENERAL INFORMATION
fixed length control field 240419b |||||||| |||| 00| 0 eng d
020 ## - INTERNATIONAL STANDARD BOOK NUMBER
ISBN 9789332582712
082 ## - DEWEY DECIMAL CLASSIFICATION NUMBER
Classification number 004.64
Item number HOR-C
100 ## - MAIN ENTRY--AUTHOR
Author Name Horstmann, Cay S.
245 ## - TITLE STATEMENT
Title Core Java - Vol. I - Fundamentals
Statement of responsibility, etc. Cays H.Horstmann
250 ## - EDITION STATEMENT
Edition statement 10th ed.
260 ## - PUBLICATION, DISTRIBUTION, ETC.
Place of Publication USA:
Name of publisher, distributor, etc. Pearson;
Date of publication, distribution, etc. 2017.
300 ## - PHYSICAL DESCRIPTION
Pages 1007 p. :
500 ## - GENERAL NOTE
General note include index.
650 ## - SUBJECT ADDED ENTRY--TOPICAL TERM
Subject / Department computer science/Java programming language
300 ## - PHYSICAL DESCRIPTION
-- ill;
-- 24 cm.
952 ## - LOCATION AND ITEM INFORMATION (KOHA)
-- 0
-- 0
Holdings
Lost status Damaged status Collection code Permanent Location Current Location Shelving Location Date acquired Full Call Number Accession No./Barcode Date last seen item type Koha item type
    CS/IT Superior Information Resource Center (SIRC) Superior University- Gold Campus Superior Information Resource Center (SIRC) Superior University- Gold Campus Java programming language 04/19/2024 004.64 HOR-C 217 16406 04/19/2024 BOOK BOOK

Powered by Koha